[Event "Armenia Quindio-ch"]
[Site "Armenia"]
[Date "2024.06.16"]
[Round "4"]
[White "Banol Banol, Jose Daniel"]
[Black "Ortiz Gutierrez, Emily Dayana"]
[Result "1-0"]
[WhiteElo "1709"]
[BlackElo "1480"]
[PlyCount "39"]
[EventDate "2024.06.15"]
[EventType "swiss"]
[EventRounds "6"]
[EventCountry "COL"]
[SourceTitle "CB27_2024"]
[SourceDate "2024.07.03"]
[SourceVersion "1"]
[SourceVersionDate "2024.07.03"]
[SourceQuality "1"]

1. d4 d5 2. Bf4 Nf6 3. Nf3 e6 4. e3 Be7 5. Bd3 Nc6 6. h3 h6 7. Nbd2 Bd6 8. c3 Bxf4 9. exf4 0-0 10. Ne5 Qd6 11. Bc2 Nd7 12. Qg4 f6 13. Nxc6 Qxc6 14. Qg6 Rf7 15. Qh7+ Kf8 16. Qh8+ Ke7 17. Bg6 Nb6 18. Qg8 Qe8 19. Qxe8+ Kxe8 20. Nb3 1-0